Melbourne Metro Lines - Statistics

General Stats
  • This quiz has been taken 176 times
  • The average score is 10 of 16
Answers on the Grid
Answers color-coded by a green-red scale on the quiz's grid according to % correct below.
Williamstown
Wilson Bridge
Sandy Point
Werribee
Upfield
Swampy Ridge
Sunbury
Stony Point
St Burton
Sandringham
Ringwood
Penrith
Parkmore
Pakenham
New Surrey
Mernda
Lilydale
Ivanhoe
Hurstbridge
Gormandale
Glen Waverley
Frankston
Dingley
Dandenong
Cranbourne
Craigieburn
Clydevale
Carlingford
Briarfield
Belgrave
Alamein
 
Answer Stats
Answer % Correct
Werribee
73%
Lilydale
70%
Pakenham
70%
Belgrave
69%
Frankston
69%
Glen Waverley
68%
Sunbury
66%
Cranbourne
65%
Mernda
65%
Alamein
62%
Sandringham
62%
Upfield
61%
Williamstown
61%
Craigieburn
59%
Hurstbridge
59%
Stony Point
56%
No matching quizzes found
Score Distribution
Percent of People with Each Score
Percentile by Number Answered
Your Score History
You have not taken this quiz